[Event "37. Copenhagen Open (Politiken Cup)"]
[Site "Elsinore"]
[Date "2015.07.28"]
[Round "5"]
[White "Schmied, Andreas"]
[Black "Zakariassen, Tom"]
[Result "1-0"]
[WhiteElo "2047"]
[BlackElo "1798"]
[PlyCount "97"]
[EventDate "2015.07.25"]
[EventType "swiss"]
[EventRounds "10"]
[EventCountry "DEN"]
[Source "ChessBase"]
[SourceDate "2015.09.14"]

1. e4 c5 2. Nf3 Nc6 3. d4 cxd4 4. Nxd4 Nf6 5. Nc3 e6 6. Ndb5 Bb4 7. a3 Bxc3+ 8.
Nxc3 h6 9. Qd6 Qe7 10. Bf4 e5 11. Qxe7+ Kxe7 12. Be3 d6 13. f3 Be6 14. Be2 Rhd8
15. O-O-O Kf8 16. Rd2 d5 17. exd5 Nxd5 18. Nxd5 Rxd5 19. Rhd1 Rad8 20. Rxd5
Rxd5 21. Rxd5 Bxd5 22. Kd2 f5 23. c4 Be6 24. b4 a6 25. Bb6 Ke7 26. Kc3 g5 27.
a4 h5 28. a5 g4 29. b5 Nb8 30. Kb4 h4 31. fxg4 fxg4 32. Bf2 h3 33. gxh3 gxh3
34. Ba7 Nd7 35. Bf3 axb5 36. Kxb5 Nf6 37. Bxb7 Ng4 38. Bg1 Kd6 39. Kb4 Kc7 40.
Bf3 Nf6 41. Be2 e4 42. Kc5 Bg4 43. Bf1 Bc8 44. Kd4 Kd6 45. Be3 Bf5 46. Bf4+ Ke6
47. a6 Nd7 48. c5 Nb8 49. Bxb8 1-0

[Event "37. Copenhagen Open (Politiken Cup)"]
[Site "Elsinore"]
[Date "2015.07.28"]
[Round "5"]
[White "Shankland, Samuel L"]
[Black "Haubro, Martin"]
[Result "1/2-1/2"]
[WhiteElo "2656"]
[BlackElo "2382"]
[PlyCount "84"]
[EventDate "2015.07.25"]
[EventType "swiss"]
[EventRounds "10"]
[EventCountry "DEN"]
[Source "ChessBase"]
[SourceDate "2015.09.14"]

1. d4 Nf6 2. c4 c5 3. d5 b5 4. cxb5 a6 5. bxa6 g6 6. Nc3 Bxa6 7. e4 Bxf1 8.
Kxf1 d6 9. Nf3 Nbd7 10. g3 Bg7 11. Kg2 O-O 12. a4 Qa5 13. Bd2 Rfb8 14. Nb5 Qb6
15. Qc2 Ne8 16. Bc3 Nc7 17. Nxc7 Qxc7 18. Nd2 Qa7 19. Rhe1 Qa6 20. Bxg7 Kxg7
21. Nc4 Rb4 22. b3 Rab8 23. Re3 f6 24. f4 Nb6 25. Nxb6 Qxb6 26. a5 Qa7 27. e5
fxe5 28. fxe5 Qb7 29. Rd1 Rd4 30. Rxd4 cxd4 31. Rf3 dxe5 32. Qe4 Qc7 33. a6 Qd6
34. Rf2 Rxb3 35. a7 Ra3 36. Rc2 Rxa7 37. Rc6 Ra2+ 38. Kh3 Qd7+ 39. Re6 Ra6 40.
Qxe5+ Kg8 41. Qb8+ Kg7 42. Qe5+ Kg8 1/2-1/2

[Event "37. Copenhagen Open (Politiken Cup)"]
[Site "Elsinore"]
[Date "2015.07.28"]
[Round "5"]
[White "Shehzad, Alisha"]
[Black "Halse, Iver"]
[Result "1/2-1/2"]
[WhiteElo "1266"]
[BlackElo "1560"]
[PlyCount "96"]
[EventDate "2015.07.25"]
[EventType "swiss"]
[EventRounds "10"]
[EventCountry "DEN"]
[Source "ChessBase"]
[SourceDate "2015.09.14"]

1. e4 c6 2. d4 d5 3. exd5 cxd5 4. Nc3 Nc6 5. Nf3 Bg4 6. Bb5 e6 7. a3 Nf6 8. Bg5
Bd6 9. O-O Bxh2+ 10. Kxh2 Bh5 11. Kg1 a6 12. Bxc6+ bxc6 13. Qd3 h6 14. Bh4 Qd6
15. Bg3 Qe7 16. Na4 Ne4 17. Nd2 Bg6 18. Nxe4 Bxe4 19. Qc3 Qd7 20. Nc5 Qc8 21.
Rfe1 Bf5 22. Re3 h5 23. Bh2 h4 24. Rae1 Rh6 25. Re5 Kf8 26. Nd3 h3 27. gxh3
Rxh3 28. R5e3 Rh7 29. Ne5 Qd8 30. Qxc6 Be4 31. f3 Rc8 32. Qxa6 Rxc2 33. R3e2
Rxe2 34. Rxe2 Bf5 35. Qb7 Qg5+ 36. Rg2 Qc1+ 37. Kf2 Qd2+ 38. Kf1 Qd1+ 39. Kf2
Qd2+ 40. Kf1 Bd3+ 41. Nxd3 Qxd3+ 42. Ke1 Qe3+ 43. Kf1 Qxf3+ 44. Kg1 Qd1+ 45.
Kf2 Qxd4+ 46. Kf1 Qd3+ 47. Kg1 Qe3+ 48. Kf1 Qc1+ 1/2-1/2

[Event "37. Copenhagen Open (Politiken Cup)"]
[Site "Elsinore"]
[Date "2015.07.28"]
[Round "5"]
[White "Sjodahl, Pontus"]
[Black "Skjoldager, Per"]
[Result "1-0"]
[WhiteElo "2425"]
[BlackElo "2170"]
[PlyCount "53"]
[EventDate "2015.07.25"]
[EventType "swiss"]
[EventRounds "10"]
[EventCountry "DEN"]
[Source "ChessBase"]
[SourceDate "2015.09.14"]

1. d4 Nf6 2. c4 e6 3. Nc3 d5 4. cxd5 exd5 5. Bg5 Be7 6. e3 O-O 7. Bd3 c6 8. Qc2
Nbd7 9. Nge2 Re8 10. O-O Nf8 11. f3 Nh5 12. Bxe7 Qxe7 13. e4 dxe4 14. fxe4 Qg5
15. Kh1 Bg4 16. Bc4 Ne6 17. d5 cxd5 18. exd5 Bxe2 19. Nxe2 Nef4 20. Nxf4 Nxf4
21. g3 Qg6 22. Rac1 Qxc2 23. Rxc2 Ng6 24. d6 Ne5 25. Bb3 Rec8 26. Re2 Nc4 27.
d7 1-0

[Event "37. Copenhagen Open (Politiken Cup)"]
[Site "Elsinore"]
[Date "2015.07.28"]
[Round "5"]
[White "Skjoldager, Mikael"]
[Black "Bijlsma, Nick"]
[Result "0-1"]
[WhiteElo "2056"]
[BlackElo "2298"]
[PlyCount "60"]
[EventDate "2015.07.25"]
[EventType "swiss"]
[EventRounds "10"]
[EventCountry "DEN"]
[Source "ChessBase"]
[SourceDate "2015.09.14"]

1. e4 c5 2. Nf3 d6 3. d4 cxd4 4. Nxd4 Nf6 5. Nc3 a6 6. Be3 e6 7. f3 b5 8. Qd2
Nbd7 9. O-O-O Nb6 10. g4 Nfd7 11. Qf2 Bb7 12. Nb1 Rc8 13. Nd2 d5 14. e5 Nc4 15.
f4 Qa5 16. Bxc4 dxc4 17. f5 Nxe5 18. fxe6 f6 19. e7 Bxe7 20. Qf5 O-O 21. Qe6+
Rf7 22. Nf5 Bf8 23. Kb1 Qc7 24. Rhg1 c3 25. bxc3 Qxc3 26. Qb3 Qxb3+ 27. axb3
Rfc7 28. Rc1 Ba3 29. Rcd1 Rxc2 30. Nc4 Nxc4 0-1

[Event "37. Copenhagen Open (Politiken Cup)"]
[Site "Elsinore"]
[Date "2015.07.28"]
[Round "5"]
[White "Skovgaard, Andreas"]
[Black "Jarlnaes, Erik"]
[Result "0-1"]
[WhiteElo "1649"]
[BlackElo "1892"]
[PlyCount "106"]
[EventDate "2015.07.25"]
[EventType "swiss"]
[EventRounds "10"]
[EventCountry "DEN"]
[Source "ChessBase"]
[SourceDate "2015.09.14"]

1. e4 e6 2. d4 d5 3. e5 c5 4. Nd2 cxd4 5. Ngf3 Nc6 6. Nb3 Bb4+ 7. Bd2 Qb6 8. a3
Bxd2+ 9. Qxd2 Nge7 10. h4 a5 11. O-O-O Nf5 12. g4 a4 13. Nbxd4 Nfxd4 14. Nxd4
Nxe5 15. Qg5 Ng6 16. h5 f6 17. Qe3 Ne5 18. Be2 Bd7 19. g5 O-O-O 20. f4 Nc6 21.
Rd3 Nxd4 22. Rxd4 Kb8 23. Qd2 fxg5 24. fxg5 Rhf8 25. Rb4 Qd6 26. Qd4 e5 27. Rb6
Bc6 28. Qc3 d4 29. Qa5 Qd5 30. Qxd5 Bxd5 31. Re1 Kc7 32. Rb4 Bc6 33. Bd3 e4 34.
Bxe4 Rfe8 35. Rc4 Kb8 36. Bxc6 Rxe1+ 37. Kd2 Rg1 38. Rb4 Kc7 39. Bxb7 Rb8 40.
Be4 Rxb4 41. axb4 Rxg5 42. Bxh7 Rxh5 43. Bg6 Rh3 44. c3 dxc3+ 45. bxc3 Rh2+ 46.
Kc1 a3 47. Kb1 Rg2 48. Bf7 g5 49. Ka1 Rb2 50. Be6 Kd6 51. Bf5 Rb3 52. Ka2 Rxc3
53. b5 Kc5 0-1

[Event "37. Copenhagen Open (Politiken Cup)"]
[Site "Elsinore"]
[Date "2015.07.28"]
[Round "5"]
[White "Skovgaard, Ib"]
[Black "Hansen, Ib Lynaes"]
[Result "1-0"]
[WhiteElo "2031"]
[BlackElo "1819"]
[PlyCount "53"]
[EventDate "2015.07.25"]
[EventType "swiss"]
[EventRounds "10"]
[EventCountry "DEN"]
[Source "ChessBase"]
[SourceDate "2015.09.14"]

1. e4 e6 2. d4 b6 3. Bd3 Bb7 4. Nf3 Be7 5. O-O d6 6. Qe2 Nd7 7. c3 h6 8. Na3
Ngf6 9. Nc2 Nf8 10. Re1 c6 11. a4 a6 12. h3 Qc8 13. Bf4 N8d7 14. Bh2 c5 15. e5
dxe5 16. Nxe5 Nxe5 17. dxe5 Nd5 18. Be4 Rb8 19. Qg4 O-O 20. Rad1 Qe8 21. Rd3 c4
22. Rg3 g5 23. Nd4 Bc5 24. Nf5 exf5 25. Qxf5 Nf6 26. Rxg5+ Kh8 27. Qxf6# 1-0

[Event "37. Copenhagen Open (Politiken Cup)"]
[Site "Elsinore"]
[Date "2015.07.28"]
[Round "5"]
[White "Slettebo, Jan"]
[Black "Kvamme, John Agnar"]
[Result "0-1"]
[WhiteElo "2006"]
[BlackElo "2158"]
[PlyCount "92"]
[EventDate "2015.07.25"]
[EventType "swiss"]
[EventRounds "10"]
[EventCountry "DEN"]
[Source "ChessBase"]
[SourceDate "2015.09.14"]

1. e4 c5 2. Nf3 g6 3. d4 Bg7 4. dxc5 Qa5+ 5. c3 Qxc5 6. Na3 Nf6 7. e5 Ng4 8.
Qd4 Qxd4 9. cxd4 b6 10. h3 Nh6 11. Nb5 Na6 12. Bd2 O-O 13. Be2 f6 14. Bc4+ Kh8
15. Bd5 Rb8 16. Nxa7 Nc7 17. Bc4 Bb7 18. Nb5 Nxb5 19. Bxb5 Bxf3 20. gxf3 fxe5
21. dxe5 Rxf3 22. Bxd7 Nf7 23. Bg4 Rd3 24. f4 Bh6 25. Be2 Rdd8 26. Rd1 Ra8 27.
Bc4 Kg8 28. Be3 Rxd1+ 29. Kxd1 Kf8 30. Rf1 b5 31. Bxb5 Rxa2 32. Kc2 Ra5 33. Bc4
Ra4 34. Kc3 Nd8 35. b4 Ra3+ 36. Bb3 e6 37. b5 Kf7 38. Kb4 Ra8 39. Rc1 Bf8+ 40.
Bc5 Rc8 41. Rc4 Rxc5 42. Rxc5 Nb7 43. b6 Nxc5 44. Kb5 Be7 45. Kc6 Nxb3 46. Kd7
Nc5+ 0-1

[Event "37. Copenhagen Open (Politiken Cup)"]
[Site "Elsinore"]
[Date "2015.07.28"]
[Round "5"]
[White "Smeby, Ole"]
[Black "Morkedal, Oyvind"]
[Result "1-0"]
[WhiteElo "1895"]
[BlackElo "1689"]
[PlyCount "235"]
[EventDate "2015.07.25"]
[EventType "swiss"]
[EventRounds "10"]
[EventCountry "DEN"]
[Source "ChessBase"]
[SourceDate "2015.09.14"]

1. d4 Nf6 2. Nf3 d5 3. c4 c6 4. e3 Bf5 5. Nc3 e6 6. cxd5 Nxd5 7. Be2 Bb4 8. Bd2
Qa5 9. Qb3 Qc7 10. O-O Nxc3 11. Bxc3 Bxc3 12. bxc3 Nd7 13. Nd2 e5 14. f4 exd4
15. cxd4 Nf6 16. Bf3 Qd7 17. Qa3 h5 18. Nc4 Qe7 19. Qc1 h4 20. Ne5 O-O 21. a4
Be4 22. Qe1 Bxf3 23. Rxf3 Ne4 24. Rh3 Rad8 25. Qxh4 Qxh4 26. Rxh4 c5 27. f5 Nd6
28. Rf4 cxd4 29. exd4 b5 30. Nc6 Rd7 31. axb5 Nxb5 32. Ra5 Rc8 33. Rxb5 Rxc6
34. Rb8+ Kh7 35. Rh4+ Rh6 36. Re4 Rb6 37. Ra8 g6 38. Rh4+ Kg7 39. fxg6 Rxg6 40.
Kf2 Rb7 41. g3 Rb2+ 42. Ke3 Ra2 43. d5 Ra3+ 44. Kd4 Rg5 45. Rc8 Ra4+ 46. Rc4
Ra5 47. Rc5 Ra4+ 48. Kc3 Ra1 49. Rd4 a5 50. Kb2 Rh1 51. Rc2 Kf8 52. Re2 a4 53.
d6 Rb5+ 54. Kc2 a3 55. d7 Rb2+ 56. Kd3 Rd1+ 57. Kc4 Rb4+ 58. Kxb4 Rxd4+ 59.
Kxa3 Rxd7 60. Kb4 Kg7 61. Kc4 Rd8 62. Kc3 Rd6 63. Rd2 Rc6+ 64. Kd3 Rc7 65. Ke3
Ra7 66. Kf3 Ra3+ 67. Kg4 Ra4+ 68. Kh3 Ra7 69. Rf2 Rb7 70. Kg4 Rb6 71. Rf5 Rb4+
72. Rf4 Rb6 73. Rf5 Rb4+ 74. Kh5 Rb2 75. h3 Rb3 76. Rg5+ Kh7 77. Kg4 Rb6 78.
Kf5 Ra6 79. Rg4 Rb6 80. Re4 Kg7 81. g4 Rf6+ 82. Kg5 Rg6+ 83. Kf4 Rf6+ 84. Kg3
Rg6 85. Rf4 Ra6 86. h4 Ra3+ 87. Rf3 Ra6 88. h5 Ra5 89. Kh4 Ra1 90. Kg5 Ra5+ 91.
Rf5 f6+ 92. Kf4 Ra4+ 93. Kg3 Ra3+ 94. Rf3 Ra4 95. Rb3 Kh6 96. Rb7 Ra3+ 97. Kf4
Ra1 98. Rf7 Rf1+ 99. Ke4 Kg5 100. Rg7+ Kh6 101. Rg6+ Kh7 102. Kd5 f5 103. g5 f4
104. Ke4 f3 105. Ke3 f2 106. Ke2 Rh1 107. Rh6+ Kg7 108. Kxf2 Rh4 109. Kf3 Rh1
110. Kf4 Rf1+ 111. Ke5 Rh1 112. Ke6 Re1+ 113. Kd7 Rh1 114. Ke7 Rh2 115. Rg6+
Kh7 116. Kf6 Rxh5 117. Rg7+ Kh8 118. Ra7 1-0

[Event "37. Copenhagen Open (Politiken Cup)"]
[Site "Elsinore"]
[Date "2015.07.28"]
[Round "5"]
[White "Smith, Axel"]
[Black "Petersen, Peter Birk"]
[Result "1-0"]
[WhiteElo "2449"]
[BlackElo "2197"]
[PlyCount "65"]
[EventDate "2015.07.25"]
[EventType "swiss"]
[EventRounds "10"]
[EventCountry "DEN"]
[Source "ChessBase"]
[SourceDate "2015.09.14"]

1. d4 g6 2. e4 Bg7 3. Nc3 d6 4. f4 Nf6 5. Nf3 O-O 6. e5 Nfd7 7. Bc4 Nb6 8. Bb3
c5 9. dxc5 dxc5 10. Qxd8 Rxd8 11. Be3 Na6 12. Ng5 c4 13. Bxb6 axb6 14. Bxc4 Rd4
15. Bxf7+ Kf8 16. O-O Nc5 17. e6 Bh6 18. Nxh7+ Kg7 19. Ng5 Bxg5 20. fxg5 Bxe6
21. Bxe6 Nxe6 22. Rae1 Nxg5 23. Rxe7+ Kh6 24. Rxb7 Re8 25. Rxb6 Rd2 26. h4 Nh7
27. a4 Rxc2 28. a5 Re3 29. a6 Rg3 30. Rf2 Rc1+ 31. Kh2 Rg4 32. g3 Ra1 33. Rf4
1-0

[Event "37. Copenhagen Open (Politiken Cup)"]
[Site "Elsinore"]
[Date "2015.07.28"]
[Round "5"]
[White "Smith, Thijmen"]
[Black "Hjornevik, Knut Jarle"]
[Result "1-0"]
[WhiteElo "2252"]
[BlackElo "1958"]
[PlyCount "47"]
[EventDate "2015.07.25"]
[EventType "swiss"]
[EventRounds "10"]
[EventCountry "DEN"]
[Source "ChessBase"]
[SourceDate "2015.09.14"]

1. e4 e6 2. d4 d5 3. Nd2 Be7 4. Ngf3 Nf6 5. e5 Nfd7 6. Bd3 c5 7. c3 Nc6 8. O-O
g5 9. dxc5 Ndxe5 10. Bb5 Bd7 11. Nb3 Nxf3+ 12. Qxf3 Ne5 13. Qe2 Bxb5 14. Qxb5+
Qd7 15. Qe2 Ng6 16. Be3 h5 17. c4 Nh4 18. Rad1 O-O-O 19. cxd5 exd5 20. c6 bxc6
21. Na5 Rh6 22. Qa6+ Kb8 23. Rd3 Bb4 24. Bxa7+ 1-0

[Event "37. Copenhagen Open (Politiken Cup)"]
[Site "Elsinore"]
[Date "2015.07.28"]
[Round "5"]
[White "Solberg, Joachim"]
[Black "De Strycker, Nathan"]
[Result "1/2-1/2"]
[WhiteElo "2270"]
[BlackElo "2097"]
[PlyCount "29"]
[EventDate "2015.07.25"]
[EventType "swiss"]
[EventRounds "10"]
[EventCountry "DEN"]
[Source "ChessBase"]
[SourceDate "2015.09.14"]

1. e4 e6 2. d4 d5 3. Nc3 Bb4 4. Qd3 dxe4 5. Qxe4 Nf6 6. Qh4 c5 7. dxc5 Bxc5 8.
Bd3 Nc6 9. Bg5 Be7 10. O-O-O h6 11. Nf3 Qa5 12. Bd2 O-O 13. Qa4 Qxa4 14. Nxa4
Nb4 15. Bc4 1/2-1/2

[Event "37. Copenhagen Open (Politiken Cup)"]
[Site "Elsinore"]
[Date "2015.07.28"]
[Round "5"]
[White "Sorensen, Bernhard W"]
[Black "Ozcan, Guney"]
[Result "0-1"]
[WhiteElo "1704"]
[BlackElo "1903"]
[PlyCount "84"]
[EventDate "2015.07.25"]
[EventType "swiss"]
[EventRounds "10"]
[EventCountry "DEN"]
[Source "ChessBase"]
[SourceDate "2015.09.14"]

1. d4 c5 2. Nf3 cxd4 3. Nxd4 d5 4. Bf4 Nc6 5. Nf3 Nf6 6. e3 Bf5 7. c3 e6 8.
Nbd2 Bd6 9. Bg3 O-O 10. Be2 Re8 11. Nh4 Ne4 12. Nxf5 exf5 13. Nxe4 fxe4 14.
Qxd5 Bxg3 15. Qxd8 Bxf2+ 16. Kxf2 Raxd8 17. Rhd1 g6 18. Rxd8 Rxd8 19. Rd1 Rxd1
20. Bxd1 Kg7 21. Bb3 f5 22. Bd5 Ne5 23. h3 Nd3+ 24. Ke2 Nxb2 25. Bxb7 Kf6 26.
Bd5 Nd3 27. g3 h5 28. Bc4 Nc5 29. Bd5 Nd3 30. Bc4 Ne5 31. Bd5 g5 32. Kf2 h4 33.
g4 fxg4 34. Bxe4 gxh3 35. Bh1 Kf5 36. e4+ Kf4 37. Kf1 g4 38. Kf2 g3+ 39. Kg1 g2
40. Bxg2 hxg2 41. Kxg2 Kxe4 42. Kh3 Ng6 0-1

[Event "37. Copenhagen Open (Politiken Cup)"]
[Site "Elsinore"]
[Date "2015.07.28"]
[Round "5"]
[White "Sorensen, Dick"]
[Black "Bjerre, Jonas Buhl"]
[Result "0-1"]
[WhiteElo "1911"]
[BlackElo "2083"]
[PlyCount "88"]
[EventDate "2015.07.25"]
[EventType "swiss"]
[EventRounds "10"]
[EventCountry "DEN"]
[Source "ChessBase"]
[SourceDate "2015.09.14"]

1. e4 c5 2. Nf3 e6 3. d4 cxd4 4. Nxd4 Nc6 5. Be3 Nf6 6. Nxc6 bxc6 7. Bd3 e5 8.
O-O Be7 9. c4 d6 10. Nc3 O-O 11. f3 Be6 12. Qa4 Qc7 13. a3 a5 14. Rac1 Rfb8 15.
Nd1 h6 16. Bb1 Nd7 17. Ba2 Bg5 18. Bxg5 hxg5 19. Qc2 g4 20. fxg4 Qb6+ 21. Kh1
Qd4 22. h3 Nc5 23. Nc3 Bxc4 24. Rcd1 Bxf1 25. Rxd4 exd4 26. Qf2 Rb7 27. Qxd4
Rxb2 28. Qxd6 Bxg2+ 29. Kg1 Nxe4 30. Bxf7+ Kxf7 31. Nxe4 Bxe4 32. Qf4+ Kg8 33.
Qxe4 Rd8 34. Qf3 Rdd2 35. Qf1 c5 36. g5 g6 37. h4 Rbc2 38. Qe1 Re2 39. Qf1 c4
40. h5 Rg2+ 41. Kh1 Rh2+ 42. Kg1 Rcg2+ 43. Qxg2 Rxg2+ 44. Kxg2 c3 0-1

[Event "37. Copenhagen Open (Politiken Cup)"]
[Site "Elsinore"]
[Date "2015.07.28"]
[Round "5"]
[White "Sorensen, John K"]
[Black "Gade, Jens"]
[Result "1-0"]
[WhiteElo "1792"]
[BlackElo "1572"]
[PlyCount "71"]
[EventDate "2015.07.25"]
[EventType "swiss"]
[EventRounds "10"]
[EventCountry "DEN"]
[Source "ChessBase"]
[SourceDate "2015.09.14"]

1. d4 Nf6 2. Nf3 d5 3. c4 c6 4. Nc3 Bf5 5. Bf4 e6 6. e3 Be7 7. h3 h6 8. c5 O-O
9. b4 b5 10. a4 bxa4 11. Rxa4 Nbd7 12. Qa1 Ne4 13. Nxe4 dxe4 14. Ne5 Nxe5 15.
Bxe5 f6 16. Bh2 Qd7 17. Bc4 Kh8 18. O-O Bh7 19. Qa2 Bg8 20. Ra1 e5 21. Bxg8
Rxg8 22. Rxa7 Rxa7 23. Qxa7 Qe6 24. Qb7 exd4 25. exd4 e3 26. Re1 e2 27. Qa6 Re8
28. Qxe2 Qxe2 29. Rxe2 Kg8 30. Bd6 Kf7 31. Rxe7+ Rxe7 32. Bxe7 Kxe7 33. Kf1 Ke6
34. Ke2 Kd5 35. Kd3 f5 36. Kc3 1-0

[Event "37. Copenhagen Open (Politiken Cup)"]
[Site "Elsinore"]
[Date "2015.07.28"]
[Round "5"]
[White "Steenstrup, Svend"]
[Black "Maechel, Michael"]
[Result "1-0"]
[WhiteElo "1914"]
[BlackElo "1738"]
[PlyCount "49"]
[EventDate "2015.07.25"]
[EventType "swiss"]
[EventRounds "10"]
[EventCountry "DEN"]
[Source "ChessBase"]
[SourceDate "2015.09.14"]

1. e4 e5 2. f4 d5 3. exd5 exf4 4. Bb5+ c6 5. dxc6 bxc6 6. Qe2+ Qe7 7. Bc4 Be6
8. Bxe6 Qxe6 9. d4 g5 10. h4 Qxe2+ 11. Nxe2 f6 12. Nbc3 Bb4 13. Bd2 Ne7 14. Ne4
Bxd2+ 15. Kxd2 Kf7 16. hxg5 fxg5 17. Nxg5+ Kg6 18. Ne6 Na6 19. N2xf4+ Kf6 20.
Raf1 Nf5 21. g4 Ng3 22. Rh6+ Kf7 23. Ng5+ Kg7 24. Nfe6+ Kg8 25. Rf3 1-0

[Event "37. Copenhagen Open (Politiken Cup)"]
[Site "Elsinore"]
[Date "2015.07.28"]
[Round "5"]
[White "Strachan, Christian C"]
[Black "Sorensen, Per Settergren"]
[Result "1-0"]
[WhiteElo "1884"]
[BlackElo "2087"]
[PlyCount "117"]
[EventDate "2015.07.25"]
[EventType "swiss"]
[EventRounds "10"]
[EventCountry "DEN"]
[Source "ChessBase"]
[SourceDate "2015.09.14"]

1. e4 e5 2. Nf3 Nc6 3. Bc4 Bc5 4. c3 Nf6 5. d3 a6 6. Bb3 Ba7 7. O-O O-O 8. Nbd2
d6 9. h3 Ne7 10. Re1 Ng6 11. Nf1 h6 12. Be3 Re8 13. Ng3 c6 14. Qd2 Bxe3 15.
fxe3 Be6 16. Kh1 Bxb3 17. axb3 d5 18. exd5 Qxd5 19. c4 Qd7 20. Qc2 Rad8 21.
Rad1 Qe6 22. d4 e4 23. Ng1 h5 24. Rf1 Nf8 25. N1e2 g6 26. Nc3 h4 27. Nge2 g5
28. d5 cxd5 29. Nd4 Qe7 30. Qf2 N8h7 31. Nf5 Qe5 32. Nxd5 Nxd5 33. Nh6+ Kg7 34.
Nxf7 Qe7 35. Nxd8 Nf4 36. exf4 e3 37. Qe2 Rxd8 38. Rxd8 Qxd8 39. Qxe3 gxf4 40.
Qxf4 Qe7 41. Qd4+ Kg8 42. Rd1 Nf8 43. Qg4+ Kh7 44. Rd5 Qe1+ 45. Kh2 Ng6 46. Rg5
Qe8 47. Qh5+ Kg7 48. Qxg6+ Qxg6 49. Rxg6+ Kxg6 50. g3 Kg5 51. b4 Kh5 52. c5 Kg5
53. Kg2 Kh5 54. Kf3 hxg3 55. Kxg3 Kg5 56. h4+ Kf5 57. b3 Kf6 58. Kf4 Kg6 59.
Ke5 1-0

[Event "37. Copenhagen Open (Politiken Cup)"]
[Site "Elsinore"]
[Date "2015.07.28"]
[Round "5"]
[White "Strand, Kjetil"]
[Black "Mozelius, Peter"]
[Result "0-1"]
[WhiteElo "2035"]
[BlackElo "1825"]
[PlyCount "120"]
[EventDate "2015.07.25"]
[EventType "swiss"]
[EventRounds "10"]
[EventCountry "DEN"]
[Source "ChessBase"]
[SourceDate "2015.09.14"]

1. e4 e5 2. Nf3 Nc6 3. Bb5 Nge7 4. O-O g6 5. c3 Bg7 6. d4 exd4 7. cxd4 a6 8.
Ba4 O-O 9. Nc3 b5 10. Bb3 Bb7 11. Bg5 h6 12. Be3 Na5 13. d5 Nxb3 14. Qxb3 d6
15. Bd4 c5 16. Bxg7 Kxg7 17. Rad1 f6 18. Ne2 g5 19. h4 Bc8 20. hxg5 hxg5 21.
Nh2 Ng6 22. Qg3 Qe7 23. Rde1 Bd7 24. f4 b4 25. f5 Ne5 26. Nf4 Rh8 27. Nf3 Rh6
28. Nxe5 dxe5 29. Nh3 Kf7 30. Nf2 Bb5 31. Ng4 Rh4 32. Rf3 Rah8 33. Nf2 Qd6 34.
b3 c4 35. bxc4 Bxc4 36. Ra1 a5 37. Re3 Ke7 38. Qf3 Qc5 39. Rc1 Qb5 40. Qd1 Kd6
41. Qc2 Rc8 42. a3 Qb6 43. Qd2 b3 44. g3 Rhh8 45. Kg2 b2 46. Rb1 Rb8 47. Rc3
Rhc8 48. Nd1 Qd4 49. Qc2 Bb5 50. Rxc8 Rxc8 51. Qxb2 Qxe4+ 52. Kg1 Qe1+ 53. Kg2
Rb8 54. Qf2 Qe4+ 55. Qf3 Qxb1 56. Nc3 Qc2+ 57. Kh3 Bd3 58. Nd1 Bxf5+ 59. g4
Rh8+ 60. Kg3 Qh2# 0-1

[Event "37. Copenhagen Open (Politiken Cup)"]
[Site "Elsinore"]
[Date "2015.07.28"]
[Round "5"]
[White "Subramanian, Aditya"]
[Black "Pedersen, Kim Michael"]
[Result "1-0"]
[WhiteElo "1942"]
[BlackElo "1764"]
[PlyCount "67"]
[EventDate "2015.07.25"]
[EventType "swiss"]
[EventRounds "10"]
[EventCountry "DEN"]
[Source "ChessBase"]
[SourceDate "2015.09.14"]

1. d4 d5 2. c4 Nf6 3. Nc3 g6 4. Bg5 Ne4 5. Nxe4 dxe4 6. Qd2 Bg7 7. e3 Nd7 8.
Ne2 Nf6 9. Nc3 c6 10. Bxf6 exf6 11. Nxe4 f5 12. Nc3 O-O 13. Be2 Re8 14. O-O Be6
15. b4 a6 16. a4 b6 17. Rfd1 Qc7 18. c5 b5 19. axb5 axb5 20. Bf3 Bb3 21. Rdb1
Bc4 22. Qb2 f4 23. Rxa8 Rxa8 24. Ra1 Re8 25. Nd1 h5 26. Ra6 Re6 27. Qd2 f5 28.
d5 Qd7 29. d6 Re4 30. Bxe4 fxe4 31. exf4 Bd5 32. Nc3 Qc8 33. Ra5 Qg4 34. Nxd5
1-0

[Event "37. Copenhagen Open (Politiken Cup)"]
[Site "Elsinore"]
[Date "2015.07.28"]
[Round "5"]
[White "Svendsen, Peter"]
[Black "Merkesvik, Sondre"]
[Result "1/2-1/2"]
[WhiteElo "1969"]
[BlackElo "2130"]
[PlyCount "81"]
[EventDate "2015.07.25"]
[EventType "swiss"]
[EventRounds "10"]
[EventCountry "DEN"]
[Source "ChessBase"]
[SourceDate "2015.09.14"]

1. d4 Nf6 2. c4 g6 3. Nc3 d5 4. Nf3 Bg7 5. Bf4 O-O 6. e3 c5 7. dxc5 Qa5 8. Qd2
dxc4 9. Bxc4 Rd8 10. Qc2 Qxc5 11. Ne5 e6 12. O-O Nbd7 13. Rfd1 Re8 14. Bb5 Nxe5
15. Bxe5 Qxe5 16. Bxe8 Nxe8 17. Rd8 Kf8 18. Ne4 Ke7 19. Rad1 f5 20. Ng5 h6 21.
Nf3 Qb8 22. Qc5+ Kf7 23. Qb5 Qc7 24. Qxe8+ Kf6 25. Qa4 g5 26. h4 b6 27. hxg5+
hxg5 28. Qd4+ Kg6 29. Qd2 Bf6 30. Rd3 g4 31. Nd4 Bd7 32. Rc3 Qb7 33. Rc2 Rh8
34. Ne2 Bc8 35. Nf4+ Kg5 36. Qd6 Qh7 37. f3 Qh2+ 38. Kf2 Qh4+ 39. Kg1 Qh2+ 40.
Kf2 Qh4+ 41. Kg1 1/2-1/2

[Event "37. Copenhagen Open (Politiken Cup)"]
[Site "Elsinore"]
[Date "2015.07.28"]
[Round "5"]
[White "Taksrud, Vidar"]
[Black "Nielsen, Jens Holm"]
[Result "1/2-1/2"]
[WhiteElo "2048"]
[BlackElo "1836"]
[PlyCount "104"]
[EventDate "2015.07.25"]
[EventType "swiss"]
[EventRounds "10"]
[EventCountry "DEN"]
[Source "ChessBase"]
[SourceDate "2015.09.14"]

1. e4 e5 2. Nf3 Nc6 3. Bb5 a6 4. Bxc6 dxc6 5. O-O Bg4 6. h3 h5 7. d3 Qf6 8.
Nbd2 Bc5 9. Qe2 Ne7 10. Nb3 Bxf3 11. Qxf3 Qxf3 12. gxf3 Bd6 13. Be3 O-O-O 14.
Rfd1 f6 15. Kf1 Rhg8 16. Ke2 g5 17. Rg1 b6 18. d4 Ng6 19. c4 Nf4+ 20. Bxf4 gxf4
21. c5 Be7 22. Rxg8 Rxg8 23. Rc1 Kb7 24. d5 Bxc5 25. Nxc5+ bxc5 26. Rxc5 cxd5
27. Rxd5 Kc6 28. b4 Rg1 29. Rd8 Ra1 30. Rf8 Rxa2+ 31. Kf1 Rb2 32. Rxf6+ Kb7 33.
h4 Rxb4 34. Rf5 Rb5 35. Rxh5 a5 36. Ke2 a4 37. Rg5 a3 38. Rg1 a2 39. Ra1 Rb2+
40. Kd3 Rxf2 41. Kc4 c6 42. Kc5 Kc7 43. h5 Rc2+ 44. Kb4 Rh2 45. Kc5 Rc2+ 46.
Kb4 Kb6 47. h6 Rh2 48. Kc4 Rxh6 49. Rxa2 Rh3 50. Ra3 Rh8 51. Rb3+ Kc7 52. Ra3
Kd6 1/2-1/2

[Event "37. Copenhagen Open (Politiken Cup)"]
[Site "Elsinore"]
[Date "2015.07.28"]
[Round "5"]
[White "Tarjan, James Edward"]
[Black "Thorsbro, Peter"]
[Result "1-0"]
[WhiteElo "2490"]
[BlackElo "2216"]
[PlyCount "43"]
[EventDate "2015.07.25"]
[EventType "swiss"]
[EventRounds "10"]
[EventCountry "DEN"]
[Source "ChessBase"]
[SourceDate "2015.09.14"]

1. c4 f5 2. Nc3 Nf6 3. g3 e5 4. d4 exd4 5. Qxd4 Nc6 6. Qd1 Bb4 7. Bd2 O-O 8.
Bg2 Ne4 9. Nxe4 fxe4 10. Bxb4 Nxb4 11. Bxe4 Qf6 12. Nf3 d5 13. Bxd5+ Nxd5 14.
Qxd5+ Kh8 15. O-O Bh3 16. Rfe1 Rae8 17. Rad1 Qxb2 18. Ng5 c6 19. Nf7+ Rxf7 20.
Qxf7 Qe5 21. Rd3 Qe4 22. Qxe8+ 1-0